Historical figures by picture - W - Statistics

General Stats
  • This quiz has been taken 414 times
  • The average score is 7 of 16
Answer Stats
Picture Hint Answer % Correct
1732-1799 Washington
94%
1867-1959 Wright
89%
1928-1987 Warhol
81%
1856-1924 Wilson
80%
1854-1900 Wilde
74%
1859-1941 Wilhelm
58%
1882-1941 Woolf
45%
1769-1852 Wellington
40%
1813-1883 Wagner
36%
1915-1985 Welles
36%
1272-1305 Wallace
35%
1893-1980 West
17%
1027-1087 William I
16%
1632-1723 Wren
11%
1736-1819 Watt
10%
624-705 Wu Zetian
7%
No matching quizzes found
Score Distribution
Percent of People with Each Score
Percentile by Number Answered
Your Score History
You have not taken this quiz